| 000 | 01091nam0a22002651 4500 | ||
|---|---|---|---|
| 001 | rc\3027332 | ||
| 005 | 20250806201545.0 | ||
| 035 | _a(NLR Aleph) 007168511 | ||
| 090 |
_a43672 _c43672 |
||
| 100 | _a20110929d1944 u y0rusy50 ca | ||
| 101 | 0 | _arus | |
| 102 | _aRU | ||
| 105 | _ay z ||||| | ||
| 200 | 1 |
_aПодготовка помощника киномеханика стационарной киноустановки _e(Учеб.-метод. документация) _fКом. по делам кинематографии при СНК СССР, Отдел кадров |
|
| 210 |
_aКалуга _c[Ком. по делам кинематографии при СНК СССР] _d1944 |
||
| 215 |
_a19 с. _d21 см |
||
| 300 | _aБез тит. л. | ||
| 712 | 0 | 1 |
_aСССР _bКомитет по делам кинематографии _3RU\NLR\AUTH\8810005822 _4570 |
| 801 | 0 |
_aRU _bNLR _gpsbo |
|
| 801 | 1 |
_aRU _bELAR _2rusmarc |
|
| 852 |
_aNLR _jТ76 Г-4/33 |
||
| 942 | _cBOOK | ||
| 945 | _aРоссийская национальная библиотека | ||
| 980 | _aNB | ||
| 980 | _aBV | ||